| 000 | 00478nam a22001337a 4500 | ||
|---|---|---|---|
| 082 | _aMSEE-5 AHM | ||
| 100 |
_aAqsa Ahmad _998892 |
||
| 245 | _aA novel multiband microstrip antenna for wireless applications | ||
| 260 |
_aIslamabad _bNUST-SEECS _c2015 |
||
| 300 |
_a51p. _bill.; _eCD ROM |
||
| 500 | _aSupervisors: Farooq Ahmad Tahir, Dr. Hammad M. Cheema, Dr. Salman A. Ghafoor, Mr. Ahsan Azhar | ||
| 856 | _uhttp://10.250.8.41:8080/xmlui/handle/123456789/8363 | ||
| 942 |
_cPR _2ddc |
||
| 999 |
_c13428 _d13428 |
||